[Event "Kemerovo-ch"]
[Site "Kemerovo"]
[Date "2009.03.17"]
[Round "2"]
[White "Ilenko, Aleksei"]
[Black "Kudriashov, Anatoli"]
[Result "1-0"]
[WhiteElo "1991"]
[BlackElo "2318"]
[PlyCount "69"]
[EventDate "2009.03.16"]
[EventType "swiss"]
[EventRounds "9"]
[EventCountry "RUS"]
[SourceTitle "EXT 2010"]
[Source "ChessBase"]
[SourceDate "2010.11.25"]
[SourceVersion "1"]
[SourceVersionDate "2010.11.25"]
[SourceQuality "1"]

1. d4 d5 2. Nf3 Nc6 3. g3 Nf6 4. Bg2 Bg4 5. 0-0 h6 6. c4 e6 7. Qb3 Na5 8. Qa4+ c6 9. cxd5 b5 10. Qd1 exd5 11. Ne5 Bf5 12. Bd2 Rc8 13. a4 Nc4 14. axb5 cxb5 15. Nxc4 dxc4 16. Ba5 Qd7 17. e4 Bg6 18. Nc3 Be7 19. e5 Nh7 20. d5 0-0 21. d6 Bd8 22. Nd5 Bf5 23. Bxd8 Rcxd8 24. Ne7+ Kh8 25. Nc6 Ra8 26. Ne7 Bh3 27. Bxa8 Bxf1 28. Bc6 Qe6 29. Kxf1 Qxe5 30. Qd2 Nf6 31. Re1 Qc5 32. d7 Rd8 33. Qa5 Rxd7 34. Bxd7 Nxd7 35. Qd8+ 1-0

[Event "Uljanovsk Volga Region-ch"]
[Site "Uljanovsk"]
[Date "2008.12.11"]
[Round "9"]
[White "Kudriashov, Anatoli"]
[Black "Saveliev, Dmitri"]
[Result "1-0"]
[WhiteElo "2318"]
[BlackElo "2161"]
[PlyCount "91"]
[EventDate "2008.12.05"]
[EventType "tourn"]
[EventRounds "11"]
[EventCountry "RUS"]
[SourceTitle "EXT 2022"]
[Source "ChessBase"]
[SourceDate "2021.10.06"]
[SourceVersion "1"]
[SourceVersionDate "2021.10.06"]
[SourceQuality "1"]

1. e4 e6 2. d4 d5 3. Nc3 dxe4 4. Nxe4 Bd7 5. Nf3 Bc6 6. Bd3 Nd7 7. 0-0 Ngf6 8. Nxf6+ gxf6 9. Re1 Nb6 10. c3 Qd7 11. Be4 Bxe4 12. Rxe4 Qd5 13. Qe2 0-0-0 14. a4 Nc4 15. Rf4 Be7 16. b3 Na5 17. c4 Qh5 18. Ba3 Bxa3 19. Rxa3 Qg6 20. Re4 Nc6 21. Ra1 f5 22. Rh4 Qf6 23. Rd1 f4 24. g3 Rhg8 25. Kf1 fxg3 26. hxg3 Ne7 27. Rf4 Nf5 28. Nh4 Qh6 29. Qf3 Rg5 30. Nxf5 exf5 31. Rh4 Qg6 32. Qe3 Rg4 33. Rxg4 fxg4 34. d5 Kb8 35. Kg2 a6 36. Re1 Rd6 37. Qe7 Ka7 38. Qe3+ b6 39. a5 Qf6 40. axb6+ Rxb6 41. Kg1 Qf5 42. c5 Rb4 43. d6 c6 44. Qe8 Qd5 45. Re7+ Rb7 46. Rxb7+ 1-0

[Event "Dimitrovgrad op"]
[Site "Dimitrovgrad"]
[Date "2008.08.09"]
[Round "7"]
[White "Kudriashov, Anatoli"]
[Black "Alieva, Alexandra"]
[Result "1-0"]
[WhiteElo "2318"]
[BlackElo "1934"]
[PlyCount "71"]
[EventDate "2008.08.05"]
[EventType "swiss"]
[EventRounds "9"]
[EventCountry "RUS"]
[SourceTitle "EXT 2022"]
[Source "ChessBase"]
[SourceDate "2021.10.06"]
[SourceVersion "1"]
[SourceVersionDate "2021.10.06"]
[SourceQuality "1"]

1. e4 e5 2. Nf3 Nc6 3. Bb5 a6 4. Ba4 Nf6 5. 0-0 b5 6. Bb3 Be7 7. a4 Bb7 8. d3 0-0 9. Re1 h6 10. axb5 axb5 11. Rxa8 Bxa8 12. Nc3 b4 13. Nd5 Na5 14. Nxe7+ Qxe7 15. Ba2 c5 16. Nh4 c4 17. Nf5 Qd8 18. Re3 Kh8 19. Rg3 Rg8 20. Nd6 Qe7 21. Nxc4 Nxc4 22. Bxc4 d5 23. exd5 Bxd5 24. b3 Qc7 25. Bb2 Bxc4 26. bxc4 Nd7 27. h3 Nc5 28. Qe1 f6 29. Qd1 Na4 30. Bc1 Nc3 31. Qh5 e4 32. d4 Qxc4 33. Rg6 Qf7 34. Bxh6 gxh6 35. Rxh6+ Kg7 36. Rh7+ 1-0

[Event "Uljanovsk Petrosian Memorial op"]
[Site "Uljanovsk"]
[Date "2008.06.18"]
[Round "4"]
[White "Kudriashov, Anatoli"]
[Black "Olisov, Andrey"]
[Result "1/2-1/2"]
[WhiteElo "2318"]
[BlackElo "2001"]
[PlyCount "20"]
[EventDate "2008.06.14"]
[EventType "swiss"]
[EventRounds "9"]
[EventCountry "RUS"]
[SourceTitle "EXT 2022"]
[Source "ChessBase"]
[SourceDate "2021.10.06"]
[SourceVersion "1"]
[SourceVersionDate "2021.10.06"]
[SourceQuality "1"]

1. e4 e6 2. d4 d5 3. Nc3 Nf6 4. e5 Nfd7 5. Nf3 c5 6. dxc5 Bxc5 7. Bd3 Nc6 8. Bf4 f6 9. exf6 gxf6 10. Na4 0-0 1/2-1/2

[Event "Uljanovsk Petrosian Memorial op"]
[Site "Uljanovsk"]
[Date "2008.06.16"]
[Round "3"]
[White "Nikonova, Irina"]
[Black "Kudriashov, Anatoli"]
[Result "0-1"]
[WhiteElo "2017"]
[BlackElo "2318"]
[PlyCount "74"]
[EventDate "2008.06.14"]
[EventType "swiss"]
[EventRounds "9"]
[EventCountry "RUS"]
[SourceTitle "EXT 2022"]
[Source "ChessBase"]
[SourceDate "2021.10.06"]
[SourceVersion "1"]
[SourceVersionDate "2021.10.06"]
[SourceQuality "1"]

1. d4 Nf6 2. Nf3 g6 3. Bg5 Bg7 4. Nbd2 d5 5. e3 0-0 6. Bd3 Nbd7 7. 0-0 c5 8. c3 b6 9. Ne5 Nxe5 10. dxe5 Ng4 11. Be2 Nxe5 12. f4 Nd7 13. Bf3 Nf6 14. e4 dxe4 15. Nxe4 Qc7 16. Qe2 Bb7 17. Nxf6+ exf6 18. Bxb7 Qxb7 19. Bh4 Rfe8 20. Qf3 Qxf3 21. Rxf3 Rad8 22. Raf1 Re4 23. Re1 Rxe1+ 24. Bxe1 f5 25. Kf1 Rd1 26. Re3 Kf8 27. Re2 Bf6 28. Kf2 c4 29. Bd2 Rh1 30. Kg3 h5 31. Re1 Rxe1 32. Bxe1 Ke7 33. Kf3 Kd6 34. Bf2 Kd5 35. g3 Bd8 36. Bd4 b5 37. Be5 h4 0-1

[Event "Uljanovsk Petrosian Memorial op"]
[Site "Uljanovsk"]
[Date "2008.06.14"]
[Round "1"]
[White "Mikeev, Valery"]
[Black "Kudriashov, Anatoli"]
[Result "1/2-1/2"]
[WhiteElo "1862"]
[BlackElo "2318"]
[PlyCount "66"]
[EventDate "2008.06.14"]
[EventType "swiss"]
[EventRounds "9"]
[EventCountry "RUS"]
[SourceTitle "EXT 2022"]
[Source "ChessBase"]
[SourceDate "2021.10.06"]
[SourceVersion "1"]
[SourceVersionDate "2021.10.06"]
[SourceQuality "1"]

1. e4 c5 2. Nf3 a6 3. c4 Nc6 4. Nc3 g6 5. d4 cxd4 6. Nxd4 Bg7 7. Be3 d6 8. Be2 Bd7 9. 0-0 Nf6 10. Re1 0-0 11. h3 Rc8 12. b3 Nxd4 13. Bxd4 Bc6 14. Bd3 b5 15. cxb5 axb5 16. Bxf6 Bxf6 17. Nxb5 Qa5 18. a4 Rcd8 19. Rc1 Bg7 20. Qe2 Bh6 21. Rc4 Bxb5 22. Rc8 Rxc8 23. Bxb5 Rc2 24. Qxc2 Qxe1+ 25. Bf1 Bd2 26. Qc4 Bc3 27. g3 h5 28. h4 e6 29. Kg2 Bb4 30. Qe2 Qb1 31. Qd3 Qb2 32. Be2 Qc1 33. Qc4 Qe1 1/2-1/2

[Event "Uljanovsk op"]
[Site "Uljanovsk"]
[Date "2008.02.03"]
[Round "4"]
[White "Yakimkin, Igor"]
[Black "Kudriashov, Anatoli"]
[Result "1/2-1/2"]
[WhiteElo "2093"]
[BlackElo "2297"]
[PlyCount "53"]
[EventDate "2008.02.01"]
[EventType "swiss"]
[EventRounds "9"]
[EventCountry "RUS"]
[SourceTitle "EXT 2009"]
[Source "ChessBase"]
[SourceDate "2008.11.26"]
[SourceVersion "1"]
[SourceVersionDate "2008.11.26"]
[SourceQuality "1"]

1. e4 c5 2. Nf3 Nc6 3. d4 cxd4 4. Nxd4 g6 5. c4 Nf6 6. Nc3 d6 7. Be2 Nxd4 8. Qxd4 Bg7 9. Be3 0-0 10. Qd2 Qa5 11. 0-0 Be6 12. f3 Rfc8 13. Nd5 Qxd2 14. Bxd2 Bxd5 15. exd5 b5 16. Rac1 bxc4 17. Bxc4 Nd7 18. b3 Bb2 19. Rc2 Ba3 20. Re1 Ne5 21. Bf4 f6 22. Bxe5 fxe5 23. f4 Bb4 24. Re4 Bc5+ 25. Kh1 exf4 26. Rxf4 Be3 27. Rf1 1/2-1/2

[Event "Uljanovsk op"]
[Site "Uljanovsk"]
[Date "2008.02.02"]
[Round "3"]
[White "Kudriashov, Anatoli"]
[Black "Elistratov, Ilia"]
[Result "1/2-1/2"]
[WhiteElo "2297"]
[BlackElo "2196"]
[PlyCount "93"]
[EventDate "2008.02.01"]
[EventType "swiss"]
[EventRounds "9"]
[EventCountry "RUS"]
[SourceTitle "EXT 2009"]
[Source "ChessBase"]
[SourceDate "2008.11.26"]
[SourceVersion "1"]
[SourceVersionDate "2008.11.26"]
[SourceQuality "1"]

1. e4 e5 2. Nf3 Nc6 3. Bb5 a6 4. Ba4 Nf6 5. Bxc6 dxc6 6. d3 Bd6 7. Nbd2 Nd7 8. Nc4 f6 9. Nh4 Nc5 10. Qh5+ Ke7 11. Nf5+ Bxf5 12. exf5 Qe8 13. Qe2 Kd8 14. Be3 Nd7 15. c3 a5 16. a4 Qe7 17. Nd2 Bc5 18. Ne4 Kc8 19. 0-0 Rd8 20. Rfd1 Bb6 21. Qh5 Nf8 22. Qf3 Kb8 23. Bxb6 cxb6 24. Qe3 Nd7 25. Nd2 Ka7 26. Nc4 Qc5 27. Qg3 g6 28. fxg6 Rg8 29. Qh3 Rg7 30. b4 axb4 31. a5 hxg6 32. cxb4 Qxb4 33. Qe3 Kb8 34. axb6 Rxa1 35. Rxa1 Qc5 36. Qe1 Nxb6 37. Ra5 Qd4 38. Qb4 Nxc4 39. Qf8+ Kc7 40. Qxg7+ Kb6 41. Ra8 Qxd3 42. h4 Qb1+ 43. Kh2 Qf5 44. Ra2 Qb1 45. Ra4 Nd2 46. Qxf6 Nf1+ 47. Kg1 1/2-1/2

[Event "Uljanovsk op"]
[Site "Uljanovsk"]
[Date "2008.02.01"]
[Round "1"]
[White "Kudriashov, Anatoli"]
[Black "Rumiantsev, Nikolay"]
[Result "1-0"]
[WhiteElo "2297"]
[BlackElo "1849"]
[PlyCount "115"]
[EventDate "2008.02.01"]
[EventType "swiss"]
[EventRounds "9"]
[EventCountry "RUS"]
[SourceTitle "EXT 2009"]
[Source "ChessBase"]
[SourceDate "2008.11.26"]
[SourceVersion "1"]
[SourceVersionDate "2008.11.26"]
[SourceQuality "1"]

1. e4 d5 2. exd5 c6 3. d4 cxd5 4. Bd3 Nf6 5. c3 Qb6 6. Nf3 Bg4 7. Qa4+ Bd7 8. Qb3 Qc7 9. 0-0 Nc6 10. Re1 Na5 11. Qc2 h6 12. Ne5 e6 13. Bf4 Bd6 14. Nxd7 Bxf4 15. Ne5 Nc4 16. Bxc4 dxc4 17. Na3 Bxe5 18. dxe5 Nd7 19. Nb5 Qc6 20. Nd6+ Ke7 21. Qe2 Nxe5 22. Nf5+ Kf8 23. Qxe5 exf5 24. Qxf5 h5 25. Rad1 Rh6 26. Rd7 Rf6 27. Qxh5 Kg8 28. Qd5 Qxd5 29. Rxd5 a6 30. g3 Rc8 31. Re7 b5 32. Kg2 Kf8 33. Ree5 g6 34. f4 Kg7 35. Kf3 Rb6 36. a3 Rc7 37. h4 f6 38. Re8 f5 39. h5 Rf7 40. hxg6 Rxg6 41. Red8 Kh7 42. R5d6 Rgf6 43. Rxf6 Rxf6 44. g4 fxg4+ 45. Kxg4 Kg6 46. f5+ Rxf5 47. Rg8+ Kf7 48. Kxf5 Kxg8 49. Ke6 Kg7 50. Kd5 Kf7 51. a4 bxa4 52. Kxc4 Ke6 53. Kc5 Ke5 54. c4 Ke6 55. Kb6 Kd7 56. c5 a3 57. bxa3 a5 58. Kb7 1-0

[Event "Uljanovsk Elo"]
[Site "Uljanovsk"]
[Date "2007.12.11"]
[Round "7"]
[White "Pavlovski, Yaroslav"]
[Black "Kudriashov, Anatoli"]
[Result "1/2-1/2"]
[WhiteElo "2257"]
[BlackElo "2304"]
[PlyCount "28"]
[EventDate "2007.12.07"]
[EventType "tourn"]
[EventRounds "11"]
[EventCountry "RUS"]
[EventCategory "1"]
[SourceTitle "CBM 122 Extra"]
[Source "ChessBase"]
[SourceDate "2008.03.04"]
[SourceVersion "1"]
[SourceVersionDate "2008.03.04"]
[SourceQuality "1"]

1. e4 c5 2. Nf3 Nc6 3. d4 cxd4 4. Nxd4 g6 5. c4 Nf6 6. Nc3 d6 7. Be2 Nxd4 8. Qxd4 Bg7 9. Bg5 0-0 10. Qd2 Be6 11. 0-0 Rc8 12. Bxf6 Bxf6 13. Nd5 Bxd5 14. exd5 Qb6 1/2-1/2

[Event "Uljanovsk Elo"]
[Site "Uljanovsk"]
[Date "2007.12.08"]
[Round "2"]
[White "Kudriashov, Anatoli"]
[Black "Balashov, Vladimir"]
[Result "1/2-1/2"]
[WhiteElo "2304"]
[BlackElo "2334"]
[PlyCount "56"]
[EventDate "2007.12.07"]
[EventType "tourn"]
[EventRounds "11"]
[EventCountry "RUS"]
[EventCategory "1"]
[SourceTitle "CBM 122 Extra"]
[Source "ChessBase"]
[SourceDate "2008.03.04"]
[SourceVersion "1"]
[SourceVersionDate "2008.03.04"]
[SourceQuality "1"]

1. e4 e5 2. Nf3 Nc6 3. Bc4 Nf6 4. d3 h6 5. 0-0 g6 6. Re1 Bg7 7. d4 Qe7 8. Nc3 d6 9. Nd5 Qd8 10. dxe5 dxe5 11. c3 0-0 12. h3 Be6 13. Nxf6+ Qxf6 14. Bxe6 Qxe6 15. Qb3 Qxb3 16. axb3 Rfd8 17. b4 a6 18. Nd2 Na7 19. Nc4 Nb5 20. Be3 Nd6 21. Nxd6 Rxd6 22. Red1 Rad8 23. Rxd6 Rxd6 24. Kf1 c6 25. Ke2 Bf8 26. Bb6 Rd7 27. Rd1 Rxd1 28. Kxd1 f6 1/2-1/2

[Event "Uljanovsk Bagirov Memorial"]
[Site "Uljanovsk"]
[Date "2007.08.26"]
[Round "9"]
[White "Balashov, Vladimir"]
[Black "Kudriashov, Anatoli"]
[Result "1-0"]
[WhiteElo "2313"]
[BlackElo "2304"]
[PlyCount "81"]
[EventDate "2007.08.12"]
[EventType "swiss"]
[EventRounds "9"]
[EventCountry "RUS"]
[SourceTitle "EXT 2009"]
[Source "ChessBase"]
[SourceDate "2008.11.26"]
[SourceVersion "1"]
[SourceVersionDate "2008.11.26"]
[SourceQuality "1"]

1. e4 c5 2. Nf3 g6 3. c3 Bg7 4. d4 cxd4 5. cxd4 d6 6. Nc3 Nf6 7. h3 0-0 8. Be2 a6 9. a4 b6 10. Be3 Bb7 11. Nd2 Nbd7 12. 0-0 Rc8 13. Rc1 Rc7 14. Qe1 Qa8 15. f3 Rfc8 16. Qf2 Bc6 17. Ra1 Bb7 18. Rfc1 d5 19. e5 Ne8 20. f4 f5 21. g4 e6 22. gxf5 exf5 23. h4 Bf8 24. Nf3 Bb4 25. Bd2 Nf8 26. Qg2 Ng7 27. Kf2 Nfe6 28. Rg1 Rc4 29. Bxc4 dxc4 30. Be3 Rd8 31. Rgd1 Nh5 32. Ne2 Be7 33. Rf1 Bxh4+ 34. Kg1 Be7 35. Qf2 Be4 36. Rac1 b5 37. axb5 axb5 38. Ne1 Bd3 39. Nxd3 cxd3 40. Nc3 b4 41. Nb1 1-0

[Event "Uljanovsk Bagirov Memorial"]
[Site "Uljanovsk"]
[Date "2007.08.21"]
[Round "7"]
[White "Triapkin, Pavel"]
[Black "Kudriashov, Anatoli"]
[Result "1-0"]
[WhiteElo "2324"]
[BlackElo "2304"]
[PlyCount "53"]
[EventDate "2007.08.12"]
[EventType "swiss"]
[EventRounds "9"]
[EventCountry "RUS"]
[SourceTitle "EXT 2009"]
[Source "ChessBase"]
[SourceDate "2008.11.26"]
[SourceVersion "1"]
[SourceVersionDate "2008.11.26"]
[SourceQuality "1"]

1. e4 c5 2. Nf3 d6 3. d4 cxd4 4. Nxd4 Nf6 5. Nc3 e6 6. Be3 a6 7. Bd3 Be7 8. 0-0 Nc6 9. f4 Qc7 10. Qf3 0-0 11. Rae1 Nxd4 12. Bxd4 e5 13. Nd5 Nxd5 14. exd5 Bh4 15. Qh5 h6 16. Qxh4 exd4 17. f5 f6 18. Qxd4 Bd7 19. Kh1 Rfe8 20. Re6 Bxe6 21. fxe6 Re7 22. Qe4 g5 23. Rxf6 Rg7 24. Qf5 Qa5 25. c3 Qxa2 26. Rf7 Qa1+ 27. Bb1 1-0

[Event "Uljanovsk Petrosian Memorial op"]
[Site "Uljanovsk"]
[Date "2007.06.24"]
[Round "8"]
[White "Kudriashov, Anatoli"]
[Black "Parshakov, Vladimir"]
[Result "1-0"]
[WhiteElo "2304"]
[BlackElo "2075"]
[PlyCount "92"]
[EventDate "2007.06.16"]
[EventType "swiss"]
[EventRounds "9"]
[EventCountry "RUS"]
[SourceTitle "EXT 2022"]
[Source "ChessBase"]
[SourceDate "2021.10.06"]
[SourceVersion "1"]
[SourceVersionDate "2021.10.06"]
[SourceQuality "1"]

1. e4 c5 2. Nf3 d6 3. c3 Nf6 4. Be2 Nbd7 5. d3 a6 6. 0-0 e6 7. Re1 b5 8. Bf1 Bb7 9. Bg5 Be7 10. Nbd2 0-0 11. d4 c4 12. b3 cxb3 13. axb3 e5 14. Bd3 Rc8 15. Rc1 exd4 16. Nxd4 Nd5 17. Bxe7 Nxe7 18. Bb1 Ng6 19. Nf1 d5 20. Nf5 Nf6 21. e5 Ne4 22. Qd4 Nc5 23. e6 Qf6 24. e7 Rfe8 25. Nh6+ Kh8 26. Qxf6 gxf6 27. Nxf7+ Kg7 28. Nd6 Rb8 29. Nd2 Ne5 30. Re3 Ng6 31. Rce1 Nd7 32. g3 Nde5 33. f4 Nf7 34. Nxe8+ Rxe8 35. Nf3 Nd6 36. Nd4 Kf7 37. Nf5 Nc8 38. Kf2 Bc6 39. h4 h5 40. Re6 Bd7 41. Nd6+ Nxd6 42. Rxd6 Bg4 43. Rxa6 Nxe7 44. Bd3 Rc8 45. Ra7 Be6 46. f5 Rxc3 1-0

[Event "Uljanovsk Petrosian Memorial op"]
[Site "Uljanovsk"]
[Date "2007.06.24"]
[Round "9"]
[White "Kudriashov, Anatoli"]
[Black "Triapkin, Pavel"]
[Result "1-0"]
[WhiteElo "2304"]
[BlackElo "2324"]
[PlyCount "58"]
[EventDate "2007.06.16"]
[EventType "swiss"]
[EventRounds "9"]
[EventCountry "RUS"]
[SourceTitle "EXT 2022"]
[Source "ChessBase"]
[SourceDate "2021.10.06"]
[SourceVersion "1"]
[SourceVersionDate "2021.10.06"]
[SourceQuality "1"]

1. e4 d5 2. exd5 Nf6 3. d4 Nxd5 4. Nf3 g6 5. c3 Bg7 6. Bd3 0-0 7. 0-0 Nc6 8. Re1 Bg4 9. h3 Bxf3 10. Qxf3 e5 11. Be4 Nde7 12. dxe5 Nxe5 13. Qe2 N7c6 14. Bf4 Re8 15. Na3 Qf6 16. Bg3 Re7 17. Nc4 Rae8 18. Ne3 Rd7 19. f4 Qd8 20. fxe5 Rd2 21. Qf3 Rxb2 22. Bxc6 bxc6 23. Qxc6 Re6 24. Qd5 Qg5 25. Qf3 Bxe5 26. Bxe5 Qxe5 27. Nd5 Qxe1+ 28. Rxe1 Rxe1+ 29. Kh2 Rd2 1-0

[Event "Volga Rating"]
[Site "Dimitrovgrad"]
[Date "2006.12.12"]
[Round "8"]
[White "Pavlovski, Yaroslav"]
[Black "Kudriashov, Anatoli"]
[Result "0-1"]
[WhiteElo "2271"]
[BlackElo "2304"]
[PlyCount "114"]
[EventDate "2006.12.08"]
[EventType "tourn"]
[EventRounds "11"]
[EventCountry "RUS"]
[SourceTitle "EXT 2019"]
[Source "ChessBase"]
[SourceDate "2018.10.10"]
[SourceVersion "1"]
[SourceVersionDate "2018.10.10"]
[SourceQuality "1"]

1. Nf3 Nf6 2. c4 g6 3. Nc3 Bg7 4. g3 0-0 5. Bg2 d6 6. 0-0 e5 7. Rb1 a5 8. a3 c6 9. b4 axb4 10. axb4 Re8 11. b5 c5 12. d3 Nbd7 13. Ne1 Nb6 14. Bd2 h6 15. Qb3 Ra7 16. Nc2 Be6 17. Nd5 Bxd5 18. cxd5 Qd7 19. e4 Rea8 20. Ra1 Ne8 21. Rxa7 Rxa7 22. Ne3 Qc8 23. Nc4 Nxc4 24. dxc4 Qa8 25. b6 Ra4 26. Rc1 Qa6 27. Bh3 Nf6 28. Bc8 Ra1 29. Bxb7 Rxc1+ 30. Bxc1 Qxb7 31. Qb5 Nd7 32. Bd2 Bf6 33. Bxh6 Bd8 34. h4 Bxb6 35. h5 Qc8 36. hxg6 fxg6 37. f4 Kh7 38. Bg5 Bd8 39. Bxd8 Qxd8 40. Qc6 Qe7 41. Qc7 Kg7 42. fxe5 dxe5 43. Kg2 Qf7 44. Qd6 Kh6 45. Qc7 Kg5 46. Qd8+ Nf6 47. Kg1 Qd7 48. Qb8 Nxe4 49. Qxe5+ Qf5 50. Qe7+ Kg4 51. Qh4+ Kf3 52. Qh2 Ke3 53. Qc2 Qf2+ 54. Qxf2+ Nxf2 55. d6 Nh3+ 56. Kh2 Ng5 57. d7 Nf7 0-1

[Event "Volga Rating"]
[Site "Dimitrovgrad"]
[Date "2006.12.10"]
[Round "4"]
[White "Zaletov, Yuri"]
[Black "Kudriashov, Anatoli"]
[Result "0-1"]
[WhiteElo "2187"]
[BlackElo "2304"]
[PlyCount "63"]
[EventDate "2006.12.08"]
[EventType "tourn"]
[EventRounds "11"]
[EventCountry "RUS"]
[SourceTitle "EXT 2019"]
[Source "ChessBase"]
[SourceDate "2018.10.10"]
[SourceVersion "1"]
[SourceVersionDate "2018.10.10"]
[SourceQuality "1"]

1. e4 c5 2. c3 d6 3. d4 Nf6 4. Bd3 e6 5. Nf3 Be7 6. 0-0 Nc6 7. dxc5 dxc5 8. e5 Nd5 9. Qe2 Qc7 10. Re1 h6 11. a3 Bd7 12. b4 Nb6 13. Bc2 a6 14. Nbd2 cxb4 15. c4 Na5 16. axb4 Naxc4 17. Bd3 Rc8 18. Rb1 Bb5 19. Qe4 Nd5 20. Qg4 Kf8 21. Nf1 Bxb4 22. Re4 Be7 23. Nd4 Nxe5 24. Nxb5 axb5 25. Rxe5 Qxe5 26. Bxb5 Nc3 27. Bd7 Ne2+ 28. Kh1 Rxc1 29. Rxc1 Nxc1 30. Qc4 Qc5 31. Qe4 Bd6 32. Qf3 0-1